Principles of Economics/ (Record no. 36178)

MARC details
000 -LEADER
fixed length control field 00508nam a22001937a 4500
005 - DATE AND TIME OF LATEST TRANSACTION
control field 20240723095035.0
008 - FIXED-LENGTH DATA ELEMENTS--GENERAL INFORMATION
fixed length control field 240723b |||||||| |||| 00| 0 eng d
020 ## - INTERNATIONAL STANDARD BOOK NUMBER
ISBN 0-07-250330-0
082 ## - DEWEY DECIMAL CLASSIFICATION NUMBER
Classification number 330
Item number FRA-P
100 ## - MAIN ENTRY--AUTHOR
Author Name Frank, Robert.H
245 ## - TITLE STATEMENT
Title Principles of Economics/
Statement of responsibility, etc. Robert H. Frank
250 ## - EDITION STATEMENT
Edition statement 2nd ed.
260 ## - PUBLICATION, DISTRIBUTION, ETC.
Place of Publication New York;
Name of publisher, distributor, etc. McGrah Hill;
Date of publication, distribution, etc. 2004.
300 ## - PHYSICAL DESCRIPTION
Pages xl, 813 p.:
500 ## - GENERAL NOTE
General note Include index.
650 ## - SUBJECT ADDED ENTRY--TOPICAL TERM
Subject / Department Economics
700 ## - ADDED ENTRY--PERSONAL NAME
Personal name Ben S. Bernanke
300 ## - PHYSICAL DESCRIPTION
-- ill;
-- 28 cm.
952 ## - LOCATION AND ITEM INFORMATION (KOHA)
-- 0
-- 0
Holdings
Lost status Damaged status Collection code Permanent Location Current Location Shelving Location Date acquired Full Call Number Accession No./Barcode Date last seen item type Koha item type
    Economics/Commerce Superior Information Resource Center (SIRC) Superior University - City Campus Superior Information Resource Center (SIRC) Superior University - City Campus Economics 07/23/2024 330 FRA-P 2004 6149 07/23/2024 BOOK BOOK

Powered by Koha